00490naa a2200181 a 450000100080000000500110000800800410001910000160006024500810007626000090015765000160016665300100018265300080019270000170020070000200021770000190023777300520025616104151995-06-27 1989 bl --- 0-- u #d1 aIDSO, S. B. aAtmospheric CO2 enrichment enhances survival of Azolla at high temperatures. c1989 aTemperatura aAZOLA aCO21 aALLEN, S. G.1 aANDERSON, M. G.1 aKIMBALL, B. A. tEnviron. Exp. Bot.gv.29, n.3, p.337-341, 1989.